Las palabras deseantes y el "Otro" del discurso (Registro nro. 90836)

Detalles MARC
001 - NÚMERO DE CONTROL
campo de control 115895
005 - FECHA Y HORA DE LA ÚLTIMA TRANSACCIÓN
campo de control 20240305093459.0
008 - DATOS DE LONGITUD FIJA--INFORMACIÓN GENERAL
campo de control de longitud fija 961219e19960501 spa
035 ## - NÚMERO DE CONTROL DEL SISTEMA
Número de control de sistema 115895
035 ## - NÚMERO DE CONTROL DEL SISTEMA
Número de control de sistema (OCoLC)819749917
040 ## - FUENTE DE LA CATALOGACIÓN
Centro/agencia transcriptor comduadb
041 ## - CÓDIGO DE LENGUA
Código de lengua del texto/banda sonora o título independiente spa
100 10 - ENTRADA PRINCIPAL--NOMBRE DE PERSONA
Nombre de persona Gimenez, Fabian
Código de función aut
Término indicativo de función/relación Autor/a
9 (RLIN) 314643
245 14 - MENCIÓN DE TÍTULO
Título Las palabras deseantes y el "Otro" del discurso
600 10 - PUNTO DE ACCESO ADICIONAL DE MATERIA--NOMBRE DE PERSONA
Nombre de persona Lyotard, Jean-François,
Fechas asociadas al nombre 1924-1998
Código de función aut
Número de control del registro de autoridad o número normalizado (isni)0000 0001 2096 8164
-- (viaf)108393539
9 (RLIN) 238092
650 ## - PUNTO DE ACCESO ADICIONAL DE MATERIA--TÉRMINO DE MATERIA
Término de materia o nombre geográfico como elemento de entrada Lyotard, Jean Francois, 1924-1998
9 (RLIN) 51779
650 #7 - PUNTO DE ACCESO ADICIONAL DE MATERIA--TÉRMINO DE MATERIA
Término de materia o nombre geográfico como elemento de entrada Deseo
Fuente del encabezamiento o término embne
9 (RLIN) 57
650 #7 - PUNTO DE ACCESO ADICIONAL DE MATERIA--TÉRMINO DE MATERIA
Término de materia o nombre geográfico como elemento de entrada Arte y filosofía
Fuente del encabezamiento o término lemb
9 (RLIN) 141213
773 0# - ENLACE AL DOCUMENTO FUENTE/ENTRADA DE REGISTRO ANFITRIÓN
Título Revista de Filosofía. Universidad Iberoamericana (México)
Parte(s) relacionada(s) Volumen 29, Número 086, Mayo-Agosto 1996, p. 289-299
Número de control del registro 106978
Número Internacional Normalizado para Publicaciones Seriadas 0185-3481
Número bibliográfico anfitrión 92043
942 ## - ELEMENTOS DE ENTRADA AGREGADA (KOHA)
Tipo de ítem Koha Artículo de Revista

No hay ítems disponibles.